000 00590cam a22002053a 4500
001 38229
003 PGUSA
005 20140828083837.0
008 111206s2011||||xxu|||||s|||||000 | eng d
040 _aPGUSA
_beng
042 _adc
100 1 _aRobbers, Herman Johan,
_d1868-1937
245 1 0 _aDe roman van Bernard Bandt
_h[electronic resource] /
_cHerman Johan Robbers
260 _bProject Gutenberg,
_c2011
506 _aPublic domain in the USA.
516 _aElectronic text
830 0 _aProject Gutenberg
_v38229
856 4 0 _uhttp://www.gutenberg.org/ebooks/38229
942 _cEB
999 _c267483
_d267483